| 000 | 00325nam a2200121Ia 4500 | ||
|---|---|---|---|
| 005 | 20251222154332.0 | ||
| 008 | 251222s9999||||xx |||||||||||||| ||spa|| | ||
| 020 | _a84-320-9074-3 | ||
| 082 | _a839.77/L16 | ||
| 100 | _a"Lagerlof, Selma" | ||
| 245 | 0 | _aEl maravillosos viaje de Nils Holgersson a través de Suecia | |
| 942 | _cLIB | ||
| 999 |
_c34199 _d34199 |
||